| 000 | 01051pam a2200265 a 4500 | ||
|---|---|---|---|
| 999 |
_c24069 _d24069 |
||
| 001 | 3505060 | ||
| 005 | 20170127155930.0 | ||
| 008 | 950321s1995 nyua f 001 0 eng | ||
| 010 | _a 95014236 | ||
| 020 | _a1559361050 (pbk. : alk. paper) | ||
| 043 | _an-us--- | ||
| 050 | 0 | 0 | _aNX765 .R46 1995 |
| 100 | 1 | _aReiss, Alvin H. | |
| 245 | 1 | 0 |
_aDon't just applaud, send money : _bthe most succesful strategies for funding and marketing the arts / _cAlvin H. Reiss. |
| 260 |
_aNew York : _bTheatre Communications Group, _cc1995. |
||
| 300 |
_axv, i, 146 p. : _bill. ; _c24 cm. |
||
| 500 | _aIncludes index. | ||
| 650 | 0 |
_aArts fund raising _zUnited States _xHandbooks, manuals, etc. |
|
| 942 |
_2lcc _cBOOKS |
||